Fico nyert, de nehéz lesz kormányt alakítania óriásit hajrázott az SDKÚ, jól szerepelt az MKP és az SNS, hatalmasat bukott a KDH és a HZDS

Bibliographic Details
Format: Article
Language:Hungarian
PhysicalDescription:Fotogr.
Subjects:

MARC

LEADER 00000nab a2200000 ar4500
001 vtls008954343
003 SK-MaSNL
005 20260319071317.0
008 060628c20060619xo |||||||| 000 b|hun
015 |a SNBRB2006/06  |2 snkbucl 
038 |a SNKBUCL 
040 |a DSZK  |b slo  |c DSZK  |e AACR2 
041 0 |a hun 
044 |a xo  |c SK 
080 |a 323  |x (437.6)  |2 1997 
080 |a 324:342.53  |x (437.6)  |2 1997 
245 0 0 |a Fico nyert, de nehéz lesz kormányt alakítania  |b óriásit hajrázott az SDKÚ, jól szerepelt az MKP és az SNS, hatalmasat bukott a KDH és a HZDS 
300 |b Fotogr. 
650 0 7 |a parlamentné voľby  |z Slovensko  |y 2006  |2 snkbucl  |9 1056703 
650 0 7 |a vnútorná politika  |2 snkbucl  |9 970 
651 7 |a Slovensko  |x vnútorná politika  |2 snkbucl  |9 67680 
773 0 |t Új szó  |g Évf. 59, sz. 140 (19.6.2006), o. 1-7 
852 |a SNK  |b KIS3GCP 
852 |a DSZK  |b KIS3GCP 
958 |a HU 
958 |a SK 
999 |c 1754829  |d 1756759